<?xml version="1.0" encoding="UTF-8"?>
<marc:record xmlns:marc="http://www.loc.gov/MARC21/slim">
   <marc:leader>00000nam a2200000 a 4500</marc:leader>
   <marc:datafield ind1="1" ind2=" " tag="100">
      <marc:subfield code="a">Luhn, Usch</marc:subfield>
      <marc:subfield code="4">aut</marc:subfield>
      <marc:subfield code="e">Verfasser/-in</marc:subfield>
   </marc:datafield>
   <marc:datafield ind1="1" ind2=" " tag="100">
      <marc:subfield code="a">Henn, Astrid</marc:subfield>
   </marc:datafield>
   <marc:datafield ind1=" " ind2=" " tag="653">
      <marc:subfield code="a">Faultier / Erstlesebuch</marc:subfield>
   </marc:datafield>
   <marc:datafield ind1="0" ind2="0" tag="245">
      <marc:subfield code="a">Ein Faultier findet Freunde</marc:subfield>
   </marc:datafield>
   <marc:datafield ind1="0" ind2="0" tag="245">
      <marc:subfield code="c">Usch Luhn ; mit Bildern von Astrid Henn</marc:subfield>
   </marc:datafield>
   <marc:datafield ind1=" " ind2="1" tag="264">
      <marc:subfield code="a">Ravensburg</marc:subfield>
      <marc:subfield code="b">Ravensburger</marc:subfield>
      <marc:subfield code="c">2018</marc:subfield>
   </marc:datafield>
   <marc:datafield ind1="1" ind2=" " tag="490">
      <marc:subfield code="a">Jojo und die Dschungelbande</marc:subfield>
      <marc:subfield code="v">1</marc:subfield>
   </marc:datafield>
   <marc:datafield ind1="1" ind2=" " tag="520">
      <marc:subfield code="a">Familie Faultier ist ziemlich genervt von den lauten Nachbarn. Nur Jojo findet die Tukanfamilie toll und freundet sich mit dem Tukanjungen Tamtam an. Tamtam ist es auch, der gemeinsam mit seiner Familie die Faultiere vor dem Jaguar rettet. Das Jaguarmädchen Suria bleibt allerdings zurück. Sie traut sich nicht, den Baum wieder hinunterzuklettern. Jojo hilft ihr und aus einer vermeintlichen Feindin wird eine Freundin. Und eins Steht fest: Die Dschungelbande hält zusammen!&lt;br/&gt;Das neugierige Faultier Jojo freut sich als einziger seiner Familie über die lauten Tukane als neue Nachbarn. Mit seinem neuen Freund Tamtam lernt er das Jaguarmädchen Suria kennen. Es beginnt eine ungewöhnliche Freundschaft. (Verlagstext)&lt;br/&gt;</marc:subfield>
   </marc:datafield>
   <marc:datafield ind1=" " ind2=" " tag="020">
      <marc:subfield code="a">9783473365616</marc:subfield>
      <marc:subfield code="9">9783473365616</marc:subfield>
   </marc:datafield>
   <marc:datafield ind1=" " ind2=" " tag="041">
      <marc:subfield code="a">ger</marc:subfield>
   </marc:datafield>
   <marc:datafield ind1=" " ind2=" " tag="300">
      <marc:subfield code="a">95 Seiten</marc:subfield>
   </marc:datafield>
</marc:record>
